ბათუმის შოთა რუსთაველის სახელმწიფო უნივერსიტეტის ბიბლიოთეკა

Sport Psychology:Theory,Applications and issues (ბიბ.ჩანაწერი № 46551)

000 -LEADER
fixed length control field 00518nam a2200205Ia 4500
001 - CONTROL NUMBER
control field 13390
003 - CONTROL NUMBER IDENTIFIER
control field GE_BSU
008 - FIXED-LENGTH DATA ELEMENTS--GENERAL INFORMATION
fixed length control field 181216s||||||||xx |||||||||||||| ||und||
020 ## - INTERNATIONAL STANDARD BOOK NUMBER
International Standard Book Number 9780471335498
040 ## - CATALOGING SOURCE
Transcribing agency GE_BSU
080 ## - UNIVERSAL DECIMAL CLASSIFICATION NUMBER
Universal Decimal Classification number 796
245 ## - TITLE STATEMENT
Title Sport Psychology:Theory,Applications and issues
245 ## - TITLE STATEMENT
Statement of responsibility, etc. Edited by Tony Morris, Jiff Summers
260 ## - PUBLICATION, DISTRIBUTION, ETC.
Place of publication, distribution, etc. New York
260 ## - PUBLICATION, DISTRIBUTION, ETC.
Name of publisher, distributor, etc. John Willey
260 ## - PUBLICATION, DISTRIBUTION, ETC.
Date of publication, distribution, etc. 1995
300 ## - PHYSICAL DESCRIPTION
Extent 635p.32cm.
653 ## - INDEX TERM--UNCONTROLLED
Uncontrolled term Sport Psychology:Theory,Applications and issues
942 ## - ADDED ENTRY ELEMENTS (KOHA)
Koha item type წიგნი
ეგზემპლარები
Withdrawn status Lost status Damaged status Not for loan Date acquired Barcode Date last seen Price effective from Koha item type
        2018-12-17 36891 2018-12-17 2018-12-17 წიგნი